Teaching visual sociology and teaching sociology visually /
Guardat en:
| Autor principal: | |
|---|---|
| Format: | Text |
| Etiquetes: |
Afegir etiqueta
Sense etiquetes, Sigues el primer a etiquetar aquest registre!
|
MARC
| LEADER | 00000 a a2200000 04500 | ||
|---|---|---|---|
| 001 | 48431 | ||
| 003 | |||
| 040 | |||
| 100 | |a Henny, Leonard M. | ||
| 245 | |a Teaching visual sociology and teaching sociology visually / |c Leonard M. Henny | ||
| 500 | |a Incluye los temas: "Stereotypes", "Curriculum planning", "Major uses of audio visual media in the teaching sociology". | ||
| 773 | |g volumen34, número 3, (1986), páginas 59-65 | ||
| 999 | |c 19751 |d 19751 | ||
